000
00294nam a2200097Ia 4500
082
_a
NSO F MATA
245
0
_a
A student's approach to income tax : natural persons
100
_a
VENTER, J M P Durban, [c.2009] 2010 ed
_9
83303
942
_c
BK
008
210817s9999 xx 000 0 und d
999
_c
303256
_d
303254